[Event "2019 Welsh Chess Championship"]
[Site "Cardiff"]
[Date "2019.04.20"]
[Round "3.10"]
[White "Jukes, Sam"]
[Black "Jones, Derek"]
[Result "1-0"]
[WhiteElo "1892"]
[BlackElo "1925"]
[PlyCount "93"]
[EventDate "2019.04.19"]
[EventType "swiss"]
[EventRounds "7"]
[EventCountry "WLS"]

1. e4 {[%emt 0:00:03]} c5 {[%emt 0:02:56]} 2. Nf3 {[%emt 0:00:07]} d6 {[%emt 0:
00:05]} 3. d4 {[%emt 0:00:09]} cxd4 {[%emt 0:00:04]} 4. Qxd4 {[%emt 0:00:13]}
a6 {[%emt 0:00:06]} 5. c4 {[%emt 0:00:04]} Nc6 {[%emt 0:00:10]} 6. Qd1 {
[%emt 0:01:15]} Nf6 {[%emt 0:00:06]} 7. Nc3 {[%emt 0:00:04]} e6 {[%emt 0:00:35]
} 8. Be2 {[%emt 0:03:32]} Be7 {[%emt 0:00:08]} 9. O-O {[%emt 0:00:21]} O-O {
[%emt 0:00:10]} 10. h3 {[%emt 0:04:28]} b6 {[%emt 0:00:15]} 11. Re1 {[%emt 0:
01:54]} Bb7 {[%emt 0:00:19]} 12. Bf1 {[%emt 0:01:36]} Rc8 {[%emt 0:07:26]} 13.
b3 {[%emt 0:08:06]} Qc7 {[%emt 0:08:59]} 14. Bf4 {[%emt 0:05:29]} Ne5 {[%emt 0:
01:34]} 15. Rc1 {[%emt 0:04:09]} Ng6 {[%emt 0:04:10]} 16. Bh2 {[%emt 0:05:04]}
Rfd8 {[%emt 0:02:03]} 17. Nd4 {[%emt 0:02:21]} Qc5 {[%emt 0:02:50]} 18. Nc2 {
[%emt 0:11:43]} Qg5 {[%emt 0:01:20]} 19. Re3 {[%emt 0:04:26]} b5 {[%emt 0:03:
54]} 20. cxb5 {[%emt 0:03:50]} axb5 {[%emt 0:00:52]} 21. a4 {[%emt 0:05:54]}
Rxc3 {[%emt 0:04:37]} 22. Rxc3 {[%emt 0:00:24]} Nxe4 {[%emt 0:00:05]} 23. Rc7 {
[%emt 0:02:09]} Ba8 {[%emt 0:01:13]} 24. Ne1 {[%emt 0:04:22]} bxa4 {[%emt 0:07:
21]} 25. bxa4 {[%emt 0:00:27]} Nc5 {[%emt 0:02:20]} 26. Rc4 {[%emt 0:06:49]}
Bd5 {[%emt 0:14:19]} 27. Rg4 {[%emt 0:03:09]} Qf6 {[%emt 0:00:41]} 28. Qd4 {
[%emt 0:07:25]} h5 {[%emt 0:05:07]} 29. Qxf6 {[%emt 0:01:41]} Bxf6 {[%emt 0:00:
14]} 30. Rg3 {[%emt 0:05:02]} Rb8 {[%emt 0:05:33]} 31. Rxg6 {[%emt 0:01:11]}
fxg6 {[%emt 0:00:06]} 32. Rxc5 {[%emt 0:00:15]} Rb1 {[%emt 0:04:49]} 33. Rc8+ {
[%emt 0:00:22]} Kh7 {[%emt 0:00:05]} 34. Nf3 {[%emt 0:02:23]} Ra1 {[%emt 0:01:
23]} 35. Bxd6 {[%emt 0:00:55]} Rxa4 {[%emt 0:00:10]} 36. Rc7 {[%emt 0:02:18]}
Ra1 {[%emt 0:01:35]} 37. Be5 {[%emt 0:00:42]} Bxe5 {[%emt 0:01:15]} 38. Nxe5 {
[%emt 0:00:08]} g5 {[%emt 0:01:14]} 39. f3 {[%emt 0:01:38]} Re1 {[%emt 0:00:49]
} 40. Nd3 {[%emt 0:00:39]} Ra1 {[%emt 0:01:05]} 41. Kf2 {[%emt 0:00:46]} h4 {
[%emt 0:00:31]} 42. Nb4 {[%emt 0:00:52]} Bb3 {[%emt 0:01:28]} 43. Bd3+ {
[%emt 0:00:46]} Kh6 {[%emt 0:00:33]} 44. Rc8 {[%emt 0:02:32]} g6 {[%emt 0:00:
08]} 45. Rg8 {[%emt 0:01:07]} Rd1 {[%emt 0:03:09]} 46. Rxg6+ {[%emt 0:02:19]}
Kh5 {[%emt 0:01:29]} 47. Rg8 {[%emt 0:01:05]} 1-0

[Event "2019 Welsh Chess Championship"]
[Site "Cardiff"]
[Date "2019.04.20"]
[Round "4.1"]
[White "Camp, Imogen A L"]
[Black "Kett, Tim"]
[Result "0-1"]
[WhiteElo "1827"]
[BlackElo "2197"]
[PlyCount "132"]
[EventDate "2019.04.19"]
[EventType "swiss"]
[EventRounds "7"]
[EventCountry "WLS"]

1. d4 Nf6 {[%emt 0:03:44]} 2. Nf3 {[%emt 0:00:09]} g6 {[%emt 0:00:25]} 3. c4 {
[%emt 0:00:05]} c5 {[%emt 0:00:20]} 4. d5 {[%emt 0:01:43]} b5 {[%emt 0:00:44]}
5. Qc2 {[%emt 0:01:20]} bxc4 {[%emt 0:04:58]} 6. e4 {[%emt 0:03:32]} d6 {
[%emt 0:01:09]} 7. Bxc4 {[%emt 0:01:14]} Bg7 {[%emt 0:00:08]} 8. O-O {[%emt 0:
01:10]} O-O {[%emt 0:00:06]} 9. Nc3 {[%emt 0:02:31]} Nbd7 {[%emt 0:00:34]} 10.
Re1 {[%emt 0:03:35]} Ng4 {[%emt 0:01:49]} 11. b3 {[%emt 0:05:42]} Nde5 {
[%emt 0:03:39]} 12. Nxe5 {[%emt 0:01:31]} Nxe5 {[%emt 0:00:19]} 13. Bf1 {
[%emt 0:02:11]} e6 {[%emt 0:05:12]} 14. Bb2 {[%emt 0:06:10]} Qh4 {[%emt 0:07:
31]} 15. f3 {[%emt 0:14:14]} f5 {[%emt 0:05:34]} 16. dxe6 {[%emt 0:07:50]} Bxe6
{[%emt 0:01:23]} 17. Nb5 {[%emt 0:02:17]} Rad8 {[%emt 0:07:44]} 18. Nc7 {
[%emt 0:08:00]} Bc8 {[%emt 0:02:53]} 19. Bc4+ {[%emt 0:04:08]} Kh8 {[%emt 0:00:
36]} 20. Be6 {[%emt 0:14:04]} fxe4 {[%emt 0:15:23]} 21. Rxe4 {[%emt 0:02:45]}
Qe7 {[%emt 0:08:18]} 22. Bxc8 {[%emt 0:01:26]} Qxc7 {[%emt 0:00:14]} 23. Ba6 {
[%emt 0:05:46]} d5 {[%emt 0:00:18]} 24. Ree1 {[%emt 0:00:56]} d4 {[%emt 0:11:
41]} 25. Bd3 {[%emt 0:02:21]} Bh6 {[%emt 0:05:47]} 26. Rad1 {[%emt 0:01:32]}
Rfe8 {[%emt 0:04:35]} 27. Bc1 {[%emt 0:02:04]} Bxc1 {[%emt 0:00:24]} 28. Rxc1 {
[%emt 0:00:20]} Qa5 {[%emt 0:01:22]} 29. Red1 {[%emt 0:04:01]} Nxd3 {[%emt 0:
01:50]} 30. Qxd3 {[%emt 0:01:25]} Rd5 {[%emt 0:00:25]} 31. a4 {[%emt 0:00:37]}
Rde5 {[%emt 0:00:11]} 32. Qd2 {[%emt 0:00:46]} Qb6 {[%emt 0:01:14]} 33. b4 {
[%emt 0:00:47]} cxb4 {[%emt 0:00:32]} 34. Qxd4 {[%emt 0:00:11]} Qxd4+ {[%emt 0:
02:00]} 35. Rxd4 {[%emt 0:00:04]} a5 {[%emt 0:00:19]} 36. Rc7 {[%emt 0:00:59]}
R8e7 {[%emt 0:00:09]} 37. Rxe7 {[%emt 0:00:34]} Rxe7 {[%emt 0:00:02]} 38. Rd5 {
[%emt 0:00:28]} Rb7 {[%emt 0:00:41]} 39. Rd2 {[%emt 0:00:18]} Kg7 {[%emt 0:02:
49]} 40. Kf2 {[%emt 0:00:11]} Kf6 {[%emt 0:00:32]} 41. Ke3 {[%emt 0:02:48]}
Re7+ {[%emt 0:02:52]} 42. Kf2 {[%emt 0:03:00]} g5 {[%emt 0:00:32]} 43. Rd3 {
[%emt 0:07:52]} Rb7 {[%emt 0:01:35]} 44. Rd2 {[%emt 0:00:46]} Ke5 {[%emt 0:01:
11]} 45. Ke2 {[%emt 0:01:47]} Rc7 {[%emt 0:03:12]} 46. Kd1 {[%emt 0:05:03]} Rc3
{[%emt 0:01:07]} 47. Rd7 {[%emt 0:02:45]} Ra3 {[%emt 0:00:28]} 48. Rxh7 {
[%emt 0:00:37]} Rxa4 {[%emt 0:00:13]} 49. h4 {[%emt 0:00:43]} b3 {[%emt 0:03:
24]} 50. Rb7 {[%emt 0:02:51]} Ra1+ {[%emt 0:02:57]} 51. Kd2 {[%emt 0:00:04]} a4
{[%emt 0:02:15]} 52. hxg5 {[%emt 0:00:54]} Rg1 {[%emt 0:04:14]} 53. g6 {
[%emt 0:08:22]} Rxg2+ {[%emt 0:00:21]} 54. Kc1 {[%emt 0:00:40]} a3 {[%emt 0:03:
39]} 55. Rb5+ {[%emt 0:00:43]} Kf6 {[%emt 0:01:43]} 56. Rb6+ {[%emt 0:00:15]}
Kg7 {[%emt 0:00:12]} 57. Rb7+ {[%emt 0:00:41]} Kh6 {[%emt 0:00:44]} 58. g7 {
[%emt 0:00:49]} Rxg7 {[%emt 0:03:41]} 59. Rxb3 {[%emt 0:00:15]} Rg1+ {[%emt 0:
00:05]} 60. Kc2 {[%emt 0:00:37]} a2 {[%emt 0:00:07]} 61. Rb6+ {[%emt 0:00:09]}
Kh5 {[%emt 0:00:28]} 62. Rb5+ {[%emt 0:00:11]} Kh4 {[%emt 0:00:13]} 63. Rb4+ {
[%emt 0:00:44]} Kh3 {[%emt 0:00:11]} 64. Ra4 {[%emt 0:00:21]} a1=Q {[%emt 0:00:
07]} 65. Rxa1 {[%emt 0:00:03]} Rxa1 {[%emt 0:00:05]} 66. f4 {[%emt 0:00:01]}
Rf1 {[%emt 0:00:08]} 0-1

[Event "2019 Welsh Chess Championship"]
[Site "Cardiff"]
[Date "2019.04.20"]
[Round "4.2"]
[White "Sands, David A"]
[Black "Brown, Thomas"]
[Result "1/2-1/2"]
[WhiteElo "2109"]
[BlackElo "2079"]
[PlyCount "35"]
[EventDate "2019.04.19"]
[EventType "swiss"]
[EventRounds "7"]
[EventCountry "WLS"]

1. d4 {[%emt 0:00:08]} g6 {[%emt 0:00:11]} 2. c4 {[%emt 0:00:11]} Bg7 {[%emt 0:
00:08]} 3. e4 {[%emt 0:00:06]} Nc6 {[%emt 0:01:12]} 4. Nf3 {[%emt 0:02:51]} e5
{[%emt 0:03:38]} 5. d5 {[%emt 0:00:06]} Nd4 {[%emt 0:00:04]} 6. Nxd4 {[%emt 0:
00:05]} exd4 {[%emt 0:00:09]} 7. Bd3 {[%emt 0:00:03]} c5 {[%emt 0:00:37]} 8.
O-O {[%emt 0:00:07]} d6 {[%emt 0:00:50]} 9. Nd2 {[%emt 0:00:39]} Nf6 {[%emt 0:
00:41]} 10. Rb1 {[%emt 0:02:54]} O-O {[%emt 0:13:03]} 11. h3 {[%emt 0:02:26]}
Nd7 {[%emt 0:20:30]} 12. f4 {[%emt 0:06:16]} g5 {[%emt 0:05:13]} 13. Nf3 {
[%emt 0:02:07]} gxf4 {[%emt 0:01:23]} 14. Bxf4 {[%emt 0:00:07]} Ne5 {[%emt 0:
01:25]} 15. Nxe5 {[%emt 0:00:24]} dxe5 {[%emt 0:00:18]} 16. Bd2 {[%emt 0:00:09]
} Qh4 {[%emt 0:04:51]} 17. Qe1 {[%emt 0:02:32]} Qxe1 {[%emt 0:01:42]} 18. Rbxe1
{[%emt 0:06:45]} 1/2-1/2

[Event "2019 Welsh Chess Championship"]
[Site "Cardiff"]
[Date "2019.04.20"]
[Round "4.3"]
[White "Jameson, David"]
[Black "Bullen, Alex"]
[Result "1/2-1/2"]
[WhiteElo "2081"]
[BlackElo "2100"]
[PlyCount "87"]
[EventDate "2019.04.19"]
[EventType "swiss"]
[EventRounds "7"]
[EventCountry "WLS"]

1. e4 {[%emt 0:02:09]} c6 {[%emt 0:00:08]} 2. d4 {[%emt 0:00:04]} g6 {[%emt 0:
00:27]} 3. Nf3 {[%emt 0:03:35]} d5 {[%emt 0:00:18]} 4. Nbd2 {[%emt 0:06:04]}
Bg7 {[%emt 0:00:57]} 5. c3 {[%emt 0:00:33]} Nh6 {[%emt 0:00:33]} 6. Bd3 {
[%emt 0:01:03]} f6 {[%emt 0:01:06]} 7. O-O {[%emt 0:00:42]} Nf7 {[%emt 0:00:08]
} 8. Re1 {[%emt 0:01:27]} O-O {[%emt 0:05:24]} 9. Qb3 {[%emt 0:03:56]} Kh8 {
[%emt 0:04:28]} 10. c4 {[%emt 0:07:27]} dxc4 {[%emt 0:04:01]} 11. Bxc4 {
[%emt 0:03:11]} Nd6 {[%emt 0:00:59]} 12. Bd3 {[%emt 0:04:26]} Nd7 {[%emt 0:08:
59]} 13. Nf1 {[%emt 0:05:55]} e5 {[%emt 0:16:41]} 14. Be3 {[%emt 0:08:47]} exd4
{[%emt 0:03:02]} 15. Bxd4 {[%emt 0:00:36]} Ne5 {[%emt 0:01:41]} 16. Bc2 {
[%emt 0:11:22]} Qc7 {[%emt 0:04:21]} 17. Rad1 {[%emt 0:06:59]} Re8 {[%emt 0:04:
14]} 18. Nxe5 {[%emt 0:00:53]} fxe5 {[%emt 0:00:41]} 19. Bc5 {[%emt 0:01:53]}
Nf7 {[%emt 0:00:28]} 20. Bd3 {[%emt 0:04:21]} Ng5 {[%emt 0:03:24]} 21. Bc4 {
[%emt 0:04:06]} Be6 {[%emt 0:02:52]} 22. h4 {[%emt 0:10:17]} Bxc4 {[%emt 0:00:
18]} 23. Qxc4 {[%emt 0:00:03]} Ne6 {[%emt 0:00:32]} 24. Bd6 {[%emt 0:01:54]}
Qb6 {[%emt 0:00:56]} 25. Rd2 {[%emt 0:03:01]} Rad8 {[%emt 0:06:19]} 26. Red1 {
[%emt 0:00:18]} Nd4 {[%emt 0:00:17]} 27. Bc5 {[%emt 0:00:45]} Qc7 {[%emt 0:00:
13]} 28. Ng3 {[%emt 0:02:07]} Rd7 {[%emt 0:07:00]} 29. h5 {[%emt 0:01:17]} Qd8
{[%emt 0:01:04]} 30. hxg6 {[%emt 0:01:16]} Nf3+ {[%emt 0:01:18]} 31. gxf3 {
[%emt 0:00:16]} Rxd2 {[%emt 0:00:06]} 32. Rxd2 {[%emt 0:00:31]} Qxd2 {[%emt 0:
00:08]} 33. Qf7 {[%emt 0:02:00]} Rg8 {[%emt 0:03:48]} 34. gxh7 {[%emt 0:02:26]}
Kxh7 {[%emt 0:00:13]} 35. Be3 {[%emt 0:00:36]} Qd1+ {[%emt 0:00:25]} 36. Kg2 {
[%emt 0:00:06]} Rf8 {[%emt 0:00:22]} 37. Qh5+ {[%emt 0:00:30]} Kg8 {[%emt 0:00:
03]} 38. Nf5 {[%emt 0:00:28]} Qd7 {[%emt 0:02:35]} 39. Bxa7 {[%emt 0:02:22]}
Qf7 {[%emt 0:01:59]} 40. Qh4 {[%emt 0:00:37]} Qg6+ {[%emt 0:04:41]} 41. Kf1 {
[%emt 0:01:23]} Bf6 {[%emt 0:01:50]} 42. Qh3 {[%emt 0:02:53]} Rd8 {[%emt 0:06:
32]} 43. Bc5 {[%emt 0:01:10]} Qg5 {[%emt 0:02:52]} 44. Nh6+ {[%emt 0:06:29]}
1/2-1/2

[Event "2019 Welsh Chess Championship"]
[Site "Cardiff"]
[Date "2019.04.20"]
[Round "4.4"]
[White "Mcgregor, John"]
[Black "Garcia, Jason"]
[Result "1/2-1/2"]
[WhiteElo "1856"]
[BlackElo "2024"]
[PlyCount "45"]
[EventDate "2019.04.19"]
[EventType "swiss"]
[EventRounds "7"]
[EventCountry "WLS"]

1. e4 {[%emt 0:00:06]} c5 {[%emt 0:00:04]} 2. Nc3 {[%emt 0:00:08]} Nc6 {
[%emt 0:00:05]} 3. Bb5 {[%emt 0:00:07]} Nd4 {[%emt 0:00:05]} 4. Bc4 {[%emt 0:
00:04]} e6 {[%emt 0:01:52]} 5. Nge2 {[%emt 0:00:14]} Nf6 {[%emt 0:02:24]} 6. d3
{[%emt 0:04:57]} a6 {[%emt 0:00:51]} 7. a4 {[%emt 0:03:35]} d5 {[%emt 0:00:58]}
8. Ba2 {[%emt 0:03:20]} Nxe2 {[%emt 0:11:04]} 9. Qxe2 {[%emt 0:00:30]} d4 {
[%emt 0:00:04]} 10. Nd1 {[%emt 0:17:08]} b5 {[%emt 0:04:25]} 11. Bb3 {[%emt 0:
02:46]} Bb7 {[%emt 0:00:23]} 12. O-O {[%emt 0:02:05]} Be7 {[%emt 0:00:55]} 13.
f3 {[%emt 0:02:20]} O-O {[%emt 0:00:34]} 14. Nf2 {[%emt 0:02:10]} Qc7 {[%emt 0:
05:07]} 15. f4 {[%emt 0:06:33]} Rfc8 {[%emt 0:03:46]} 16. axb5 {[%emt 0:07:31]}
axb5 {[%emt 0:00:35]} 17. Rxa8 {[%emt 0:00:11]} Bxa8 {[%emt 0:00:09]} 18. c4 {
[%emt 0:05:32]} dxc3 {[%emt 0:11:33]} 19. bxc3 {[%emt 0:00:16]} c4 {[%emt 0:00:
41]} 20. dxc4 {[%emt 0:01:00]} bxc4 {[%emt 0:00:19]} 21. Bc2 {[%emt 0:01:32]}
Bc5 {[%emt 0:05:47]} 22. Be3 {[%emt 0:02:08]} e5 {[%emt 0:08:53]} 23. Qxc4 {
[%emt 0:00:02]} 1/2-1/2

[Event "2019 Welsh Chess Championship"]
[Site "Cardiff"]
[Date "2019.04.20"]
[Round "4.5"]
[White "Pleasants, Allan J"]
[Black "Van Kemenade, Rudy"]
[Result "1-0"]
[WhiteElo "2075"]
[BlackElo "1925"]
[PlyCount "49"]
[EventDate "2019.04.19"]
[EventType "swiss"]
[EventRounds "7"]
[EventCountry "WLS"]

1. d4 {[%emt 0:00:02]} f5 {[%emt 0:00:13]} 2. g3 {[%emt 0:00:54]} Nf6 {[%emt 0:
00:06]} 3. Bg2 {[%emt 0:00:05]} g6 {[%emt 0:00:05]} 4. c4 {[%emt 0:00:48]} Bg7
{[%emt 0:00:05]} 5. Nc3 {[%emt 0:00:05]} Nc6 {[%emt 0:00:14]} 6. Nh3 {[%emt 0:
09:04]} d6 {[%emt 0:00:37]} 7. d5 {[%emt 0:01:39]} Ne5 {[%emt 0:00:09]} 8. Bd2
{[%emt 0:07:30]} O-O {[%emt 0:00:09]} 9. b3 {[%emt 0:00:27]} h6 {[%emt 0:00:14]
} 10. O-O {[%emt 0:04:02]} e6 {[%emt 0:00:22]} 11. Nf4 {[%emt 0:04:52]} exd5 {
[%emt 0:01:42]} 12. Ncxd5 {[%emt 0:05:43]} c6 {[%emt 0:00:48]} 13. Nxf6+ {
[%emt 0:01:45]} Bxf6 {[%emt 0:01:10]} 14. Rc1 {[%emt 0:10:50]} Kh7 {[%emt 0:00:
16]} 15. Bb4 {[%emt 0:01:06]} Nf7 {[%emt 0:00:18]} 16. Qc2 {[%emt 0:02:16]} Qe7
{[%emt 0:00:25]} 17. Rcd1 {[%emt 0:03:45]} Rd8 {[%emt 0:01:03]} 18. Rd2 {
[%emt 0:08:40]} Bg5 {[%emt 0:00:08]} 19. Rfd1 {[%emt 0:00:46]} Bxf4 {[%emt 0:
00:10]} 20. gxf4 {[%emt 0:00:06]} Be6 {[%emt 0:01:03]} 21. Qc3 {[%emt 0:01:46]}
Rd7 {[%emt 0:01:08]} 22. Ba3 {[%emt 0:01:15]} Qh4 {[%emt 0:00:24]} 23. Bxd6 {
[%emt 0:12:33]} Rad8 {[%emt 0:00:27]} 24. Bf8 {[%emt 0:04:53]} Rxd2 {[%emt 0:
02:22]} 25. Qg7# {[%emt 0:00:37]} 1-0

[Event "2019 Welsh Chess Championship"]
[Site "Cardiff"]
[Date "2019.04.20"]
[Round "4.6"]
[White "Yeo, Gareth"]
[Black "Heaven, Pete"]
[Result "1/2-1/2"]
[WhiteElo "1963"]
[BlackElo "2017"]
[PlyCount "45"]
[EventDate "2019.04.19"]
[EventType "swiss"]
[EventRounds "7"]
[EventCountry "WLS"]

1. d4 {[%emt 0:00:02]} e6 {[%emt 0:00:07]} 2. c4 {[%emt 0:00:11]} b6 {[%emt 0:
00:09]} 3. Nc3 {[%emt 0:00:30]} Bb7 {[%emt 0:00:22]} 4. e4 {[%emt 0:08:35]} Bb4
{[%emt 0:00:56]} 5. Qc2 {[%emt 0:00:08]} Ne7 {[%emt 0:09:46]} 6. Bd3 {[%emt 0:
01:16]} f5 {[%emt 0:04:24]} 7. f3 {[%emt 0:00:11]} O-O {[%emt 0:01:34]} 8. Bg5
{[%emt 0:00:46]} h6 {[%emt 0:06:55]} 9. Bh4 {[%emt 0:07:02]} Qe8 {[%emt 0:00:
27]} 10. O-O-O {[%emt 0:00:42]} Bxc3 {[%emt 0:06:08]} 11. Qxc3 {[%emt 0:01:39]}
Ng6 {[%emt 0:00:33]} 12. Bg3 {[%emt 0:00:52]} f4 {[%emt 0:00:31]} 13. Bf2 {
[%emt 0:00:38]} e5 {[%emt 0:00:17]} 14. g3 {[%emt 0:00:19]} d6 {[%emt 0:03:39]}
15. Bc2 {[%emt 0:01:02]} Nd7 {[%emt 0:07:02]} 16. Ne2 {[%emt 0:00:20]} Rd8 {
[%emt 0:09:40]} 17. gxf4 {[%emt 0:00:55]} Nxf4 {[%emt 0:00:27]} 18. Nxf4 {
[%emt 0:00:15]} Rxf4 {[%emt 0:00:59]} 19. Bg3 {[%emt 0:01:00]} Rf8 {[%emt 0:00:
11]} 20. Rhg1 {[%emt 0:01:10]} Qh5 {[%emt 0:02:14]} 21. Rdf1 {[%emt 0:06:25]}
Rde8 {[%emt 0:03:23]} 22. d5 {[%emt 0:00:11]} Re7 {[%emt 0:01:27]} 23. Kb1 {
[%emt 0:00:26]} 1/2-1/2

[Event "2019 Welsh Chess Championship"]
[Site "Cardiff"]
[Date "2019.04.20"]
[Round "4.7"]
[White "Jukes, Sam"]
[Black "Fathallah, Joe"]
[Result "0-1"]
[WhiteElo "1892"]
[BlackElo "1958"]
[PlyCount "52"]
[EventDate "2019.04.19"]
[EventType "swiss"]
[EventRounds "7"]
[EventCountry "WLS"]

1. e4 {[%emt 0:00:02]} e6 {[%emt 0:00:08]} 2. Nf3 {[%emt 0:00:15]} d5 {[%emt 0:
01:01]} 3. e5 {[%emt 0:00:07]} b6 {[%emt 0:01:01]} 4. a3 {[%emt 0:01:18]} Bb7 {
[%emt 0:01:12]} 5. b4 {[%emt 0:02:47]} Ne7 {[%emt 0:01:59]} 6. d4 {[%emt 0:00:
37]} Nf5 {[%emt 0:01:31]} 7. Bd3 {[%emt 0:00:36]} g6 {[%emt 0:00:43]} 8. O-O {
[%emt 0:02:12]} Be7 {[%emt 0:00:41]} 9. Nbd2 {[%emt 0:02:23]} Nd7 {[%emt 0:03:
02]} 10. c3 {[%emt 0:01:42]} c5 {[%emt 0:12:59]} 11. Re1 {[%emt 0:03:39]} a5 {
[%emt 0:07:24]} 12. b5 {[%emt 0:04:55]} Qc7 {[%emt 0:03:12]} 13. Bb2 {[%emt 0:
10:02]} O-O-O {[%emt 0:03:30]} 14. c4 {[%emt 0:06:11]} Nxd4 {[%emt 0:01:43]}
15. Bxd4 {[%emt 0:07:08]} cxd4 {[%emt 0:00:34]} 16. cxd5 {[%emt 0:02:34]} Bxd5
{[%emt 0:01:07]} 17. Rc1 {[%emt 0:02:43]} Nc5 {[%emt 0:12:02]} 18. Be4 {
[%emt 0:08:07]} f5 {[%emt 0:03:56]} 19. exf6 {[%emt 0:03:52]} Bxf6 {[%emt 0:00:
23]} 20. Bxd5 {[%emt 0:00:25]} Rxd5 {[%emt 0:03:44]} 21. Qe2 {[%emt 0:08:01]}
d3 {[%emt 0:03:12]} 22. Qe3 {[%emt 0:00:46]} Bb2 {[%emt 0:01:32]} 23. Rc4 {
[%emt 0:02:43]} Bxa3 {[%emt 0:02:57]} 24. Ng5 {[%emt 0:04:22]} Bb4 {[%emt 0:06:
49]} 25. Ra1 {[%emt 0:05:16]} Bxd2 {[%emt 0:03:00]} 26. Qxd2 {[%emt 0:00:04]}
Qe5 {[%emt 0:00:22]} 0-1

[Event "2019 Welsh Chess Championship"]
[Site "Cardiff"]
[Date "2019.04.20"]
[Round "4.8"]
[White "Guha, Chirag"]
[Black "Rathbone-Jones, Ifan"]
[Result "1-0"]
[WhiteElo "1941"]
[BlackElo "1854"]
[PlyCount "37"]
[EventDate "2019.04.19"]
[EventType "swiss"]
[EventRounds "7"]
[EventCountry "WLS"]

1. d4 {[%emt 0:00:14]} d5 {[%emt 0:00:16]} 2. c4 {[%emt 0:00:08]} e6 {[%emt 0:
00:11]} 3. Nf3 {[%emt 0:00:05]} c6 {[%emt 0:00:40]} 4. g3 {[%emt 0:00:05]} g6 {
[%emt 0:00:07]} 5. Bg2 {[%emt 0:00:05]} Bg7 {[%emt 0:00:04]} 6. O-O {[%emt 0:
00:30]} Nf6 {[%emt 0:00:31]} 7. Nc3 {[%emt 0:02:28]} O-O {[%emt 0:00:08]} 8.
Qb3 {[%emt 0:02:41]} Nbd7 {[%emt 0:04:15]} 9. Rd1 {[%emt 0:07:59]} b6 {[%emt 0:
05:15]} 10. Bf4 {[%emt 0:05:28]} Qe7 {[%emt 0:02:06]} 11. Ne5 {[%emt 0:04:50]}
Nh5 {[%emt 0:02:33]} 12. Nxc6 {[%emt 0:01:00]} Qf6 {[%emt 0:00:23]} 13. Be5 {
[%emt 0:03:54]} Qg5 {[%emt 0:08:23]} 14. h4 {[%emt 0:01:56]} Qh6 {[%emt 0:00:
50]} 15. Bd6 {[%emt 0:02:52]} Bb7 {[%emt 0:01:28]} 16. Bxf8 {[%emt 0:02:18]}
Bxf8 {[%emt 0:00:16]} 17. cxd5 {[%emt 0:00:55]} exd5 {[%emt 0:01:17]} 18. Bxd5
{[%emt 0:00:46]} Bd6 {[%emt 0:01:47]} 19. Ne4 {[%emt 0:03:07]} 1-0

[Event "2019 Welsh Chess Championship"]
[Site "Cardiff"]
[Date "2019.04.20"]
[Round "4.9"]
[White "Turner, Joseph David"]
[Black "Davis, Lee"]
[Result "1-0"]
[WhiteElo "1846"]
[BlackElo "1922"]
[PlyCount "107"]
[EventDate "2019.04.19"]
[EventType "swiss"]
[EventRounds "7"]
[EventCountry "WLS"]

1. e4 {[%emt 2:29:33]} g6 {[%emt 0:08:36]} 2. d4 {[%emt 0:00:07]} d6 {[%emt 0:
01:06]} 3. Nc3 {[%emt 0:00:25]} Bg7 {[%emt 0:00:12]} 4. h3 {[%emt 0:02:55]} a6
{[%emt 0:02:58]} 5. a4 {[%emt 0:00:26]} Nd7 {[%emt 0:00:28]} 6. Nf3 {[%emt 0:
01:34]} b6 {[%emt 0:04:01]} 7. Bc4 {[%emt 0:08:00]} h6 {[%emt 0:00:26]} 8. Bd5
{[%emt 0:10:21]} Ra7 {[%emt 0:01:14]} 9. Qe2 {[%emt 0:04:11]} e6 {[%emt 0:00:
42]} 10. Bc4 {[%emt 0:01:09]} Bb7 {[%emt 0:00:59]} 11. O-O {[%emt 0:07:35]} Ne7
{[%emt 0:00:18]} 12. Be3 {[%emt 0:06:48]} Ra8 {[%emt 0:00:25]} 13. Rfe1 {
[%emt 0:05:58]} O-O {[%emt 0:01:40]} 14. Qd2 {[%emt 0:09:40]} Kh7 {[%emt 0:00:
32]} 15. Nh2 {[%emt 0:02:58]} Ng8 {[%emt 0:00:48]} 16. a5 {[%emt 0:01:44]} b5 {
[%emt 0:00:18]} 17. Bd3 {[%emt 0:00:20]} e5 {[%emt 0:02:56]} 18. d5 {[%emt 0:
04:13]} Qe7 {[%emt 0:01:34]} 19. b4 {[%emt 0:04:18]} Rae8 {[%emt 0:11:50]} 20.
f3 {[%emt 0:04:19]} Ndf6 {[%emt 0:05:34]} 21. Ne2 {[%emt 0:05:27]} Nh5 {
[%emt 0:05:02]} 22. Rab1 {[%emt 0:02:57]} g5 {[%emt 0:01:23]} 23. c4 {[%emt 0:
04:32]} c6 {[%emt 0:02:30]} 24. c5 {[%emt 0:02:05]} cxd5 {[%emt 0:04:22]} 25.
exd5+ {[%emt 0:02:25]} e4 {[%emt 0:01:28]} 26. Bxe4+ {[%emt 0:03:02]} f5 {
[%emt 0:00:06]} 27. cxd6 {[%emt 0:00:45]} Qd7 {[%emt 0:01:00]} 28. Bc2 {
[%emt 0:00:53]} Be5 {[%emt 0:00:50]} 29. f4 {[%emt 0:03:47]} gxf4 {[%emt 0:01:
34]} 30. Nxf4 {[%emt 0:00:35]} Nxf4 {[%emt 0:00:23]} 31. Bxf4 {[%emt 0:00:08]}
Qxd6 {[%emt 0:00:19]} 32. Bxe5 {[%emt 0:00:50]} Rxe5 {[%emt 0:00:05]} 33. Rxe5
{[%emt 0:00:39]} Qxe5 {[%emt 0:00:06]} 34. Re1 {[%emt 0:00:27]} Qxd5 {[%emt 0:
00:19]} 35. Qxd5 {[%emt 0:00:09]} Bxd5 {[%emt 0:00:05]} 36. g4 {[%emt 0:00:12]}
Be4 {[%emt 0:00:55]} 37. Bxe4 {[%emt 0:00:10]} fxe4 {[%emt 0:00:05]} 38. Rxe4 {
[%emt 0:00:07]} Rc8 {[%emt 0:00:48]} 39. Nf3 {[%emt 0:00:57]} Rc6 {[%emt 0:01:
30]} 40. Kf2 {[%emt 0:00:49]} Kg7 {[%emt 0:00:59]} 41. Kg3 {[%emt 0:00:52]} Nf6
{[%emt 0:00:32]} 42. Re7+ {[%emt 0:00:30]} Kf8 {[%emt 0:00:11]} 43. Ra7 {
[%emt 0:00:27]} Nd5 {[%emt 0:00:42]} 44. Ne5 {[%emt 0:00:43]} Re6 {[%emt 0:01:
17]} 45. Nd7+ {[%emt 0:00:38]} Ke8 {[%emt 0:00:12]} 46. Nc5 {[%emt 0:00:41]}
Re3+ {[%emt 0:00:13]} 47. Kf2 {[%emt 0:00:31]} Rxh3 {[%emt 0:01:04]} 48. Nxa6 {
[%emt 0:00:22]} Rb3 {[%emt 0:00:35]} 49. Ra8+ {[%emt 0:01:10]} Ke7 {[%emt 0:00:
28]} 50. Rh8 {[%emt 0:00:34]} Nxb4 {[%emt 0:00:14]} 51. Rxh6 {[%emt 0:00:35]}
Nd3+ {[%emt 0:00:37]} 52. Ke3 {[%emt 0:01:51]} Nc5+ {[%emt 0:03:25]} 53. Kf4 {
[%emt 0:00:44]} Ne6+ {[%emt 0:00:58]} 54. Rxe6+ {[%emt 0:00:10]} 1-0